01350 a2200289 450000100060000002000180000602000110002404100080003508200080004325000110005152002010006269700210026385600240028404000250030809000220033310000320035524501160038726000310050330000210053470000400055594200070059595201040060295201040070695201170081095201160092799900170104313683 a9788508143566 qbroch. apor a028 a15.ed. aA obra explica por que um país precisa de um código de leis e como funciona o Estado. Além disso, aborda temas como direito das crianças e dos adolescentes e proteção do meio ambiente. aConstiutição u00002f/00002f0a.jpg aBR-BrIDEAcBR-BrIDEA aP Year 3 028bIAC aIacocca, Lilianad1947-200410aEntre neste livroba Constituição para criançasctexto Liliana Iacocca ; ilustrações Michelle Iacocca aSão PaulobÁticac2011 a47 p.bcol. ill. aIacocca, Micheled1942eilustradora cBK 00104070a87.1b87.1d2023-11-21l0o028.5 IAC ENTp5203/AQUr2023-11-21 15:13:42w2023-11-21yBK 00104070a88.1b88.1d2023-11-22l0oLI 028.5 I11ep7283/CSPr2023-11-22 14:33:09w2023-11-22yBK 00102ddc4070a12.28b12.28d2022-03-23l0oP Year 3 028 IACp00057535SSWr2024-01-23 15:00:58w2024-01-23yBK 00102udc4070a39.1b39.1d2024-07-08l0o028.5 I11ep10202/CCPr2024-07-08 16:32:18tEx. 1w2024-07-08yBKu c13683d13683